Geography Quiz

Random Geography or City Quiz

Pennsylvania Cities Quiz Stats

 Plays Quiz Updated Dec 11, 2020

Support Sporcle.
Go Orange.
Score 0/20 Timer 06:00
9 Plays Today
Rank City % Correct
1Philadelphia
98.6%
2Pittsburgh
96.1%
9Harrisburg
82.7%
6Scranton
72.1%
4Erie
64.2%
3Allentown
60.7%
12Wilkes-Barre
46.7%
8Lancaster
44.9%
5Reading
41.6%
10York
34.8%
Rank City % Correct
11Altoona
34.1%
7Bethlehem
34%
14Williamsport
28%
15Easton
27.6%
13Chester
22.3%
19Johnstown
17.4%
16Lebanon
17.2%
17Hazleton
12.3%
20McKeesport
11.1%
18New Castle
10.9%

You're not logged in!

Compare scores with friends on all Sporcle quizzes.
OR
Log In

From the Vault

Italian Speaking Countries

by Darzlat

Parli Italiano? Even if you don't, you should have a good shot at getting all of these.
Remove Ads.
Support Sporcle.
Get the best of Sporcle when you Go Orange. This ad-free experience offers more features, more stats, and more fun while also helping to support Sporcle. Thank you for becoming a member.

Show Comments

Extras

Top Quizzes Today


Score Distribution

Your Account Isn't Verified!

In order to create a playlist on Sporcle, you need to verify the email address you used during registration. Go to your Sporcle Settings to finish the process.

Report this User

Report this user for behavior that violates our Community Guidelines.

Details: